000
00297nam a22001337a 4500
008
170818b xxu||||| |||| 00| 0 eng d
020
_a
9780314012548
041
_a
eng
080
_a
51
100
_a
37
101
_a
MAT
245
_a
PRECALCULUS WITH TRIGOMETRY
_c
COHEN.D
942
_2
udc
_c
BK
999
_c
24041
_d
24041